العمارة العربية في مصر الإسلامية. (Record no. 15703)
[ view plain ]
| 000 -الفاتح | |
|---|---|
| حقل البيانات ثابتة الطول | 01035nam a22002297a 4500 |
| 003 - محدد رقم الضبط | |
| رقم الضبط | EG-ScBUE |
| 005 - وقت وتاريخ اخر تعامل مع التسجيلة | |
| رقم الضبط | 20221010100800.0 |
| 008 - عناصر البيانات ثابتة الطول - معلومات عامة | |
| حقل البيانات ثابتة الطول | 110719s1994 ua b f b 001 0dara d |
| 017 ## - رقم الإيداع القانونى | |
| رقم الإيداع القانونى | 1994 / 2589 |
| 020 ## - الرقم الدولى المعيارى للكتب | |
| الرقم الدولى المعيارى للكتاب | 9770137022 |
| 040 ## - مصدر الفهرسة | |
| وكالة الفهرسة الأصلية | EG-ScBUE |
| لغة الفهرسة | ara |
| قواعد الوصف | rda |
| وكالة النسخ | EG-ScBUE |
| وكالة التعديل | EG-ScBUE |
| 082 04 - رقم تصنيف ديوى العشرى | |
| رقم الطبعة | 22 |
| رقم المادة | ش ا ف |
| رقم التصنيف | 720.91761 |
| 100 1# - المدخل الرئيسى - إسم شخصى | |
| 9 (RLIN) | 26334 |
| الإسم الشخصى | شافعي، فريد، |
| التواريخ المصاحبة للاسم | 1907-1985، |
| الدور | مؤلف. |
| 245 12 - بيان العنوان | |
| العنوان | العمارة العربية في مصر الإسلامية. |
| رقم الجزء/قسم العمل | المجلد الأول، |
| اسم جزء/قسم العمل | عصر الولاة / |
| بيان المسئوليه,etc | المهندس المعماري د. فريد شافعي، أستاذ العمارة الإسلامية بجامعة القاهرة. |
| 264 #1 - النشر، التوزيع | |
| مكان الناشر او الموزع | [القاهرة] : |
| اسم الناشر او الموزع | [الهيئة المصرية العامة للكتاب]، |
| تاريخ النشر أو التوزيع | [1994] |
| 300 ## - الوصف المادى | |
| التعداد | 722 صفحة : |
| تفاصيل ماديه اخرى للوعاء | خرائط ؛ |
| أبعاد الوعاء | 24 سم |
| 504 ## - تبصرة ببليوجرافية | |
| تبصرة ببليوجرافية,الخ | يشتمل علي إرجاعات ببليوجرافية وكشافات. |
| 650 #7 - المدخل الاضافى بالموضوع-مصطلح موضوعى | |
| 9 (RLIN) | 15209 |
| مصطلح موضوعي أو اسم جغرافي كعنصر مدخل | العمارة الإسلامية |
| التقسيم الفرعي الجغرافي | مصر. |
| مصدر الرأس أو المصطلح | BUEsh |
| 653 ## - مصطلح تكشيفى غير مقيد | |
| Resource For college | Engineering, Architecture |
| 655 ## - مصطلح تكشيفى-نوع/شكل | |
| التقسيم الفرعي الشكلي | Reading book |
| 942 ## - عناصر المدخل الإضافي( كوها) | |
| مصدر التصنيف او مخطط الترفيف | Dewey Decimal Classification |
| Koha [default] item type | Book - Borrowing |
| حالة التراجع | حالة الفقد | مصدر التصنيف او خطة الترفيف | حالة تلف | ليس للاعارة | مجموعات كوها | المكان الدائم | المكان الحالي | موقع الترفيف | تاريخ الاكتساب | Source of acquisition | رقم الاستدعاء | الباركود | Date last seen | مُعار | نوع الوعاء |
|---|---|---|---|---|---|---|---|---|---|---|---|---|---|---|---|
| Dewey Decimal Classification | Alef-Baa | Central Library | Central Library | Second Floor | 19/07/2011 | Purchase | 720.91761 ش ا ف | 000023043 | 15/07/2025 | 09/11/2016 | Book - Borrowing |